|
|
|
|
| LEADER |
00000nam0a2200000 4500 |
| 001 |
112050 |
| 005 |
20231101215033.0 |
| 020 |
|
|
|a RU
|b 83-65163
|
| 035 |
|
|
|a (RuTPU)RU\TPU\book\121082
|
| 090 |
|
|
|a 112050
|
| 100 |
|
|
|a 20070322d1983 m y0rusy5003 ca
|
| 101 |
0 |
|
|a rus
|
| 102 |
|
|
|a RU
|
| 105 |
|
|
|a a z 000ay
|
| 200 |
1 |
|
|a Рассказы, повести и фельетоны
|f Л. Н. Андреев
|g сост. и авт. предисл. В. Н. Чуваков; худож. К. Сошинская
|
| 210 |
|
|
|a Москва
|c Московский рабочий
|d 1983
|
| 215 |
|
|
|a 351 с.
|c ил.
|d 21 см
|
| 610 |
1 |
|
|a русская литература
|
| 610 |
1 |
|
|a повести
|
| 610 |
1 |
|
|a Первая русская революция 1905-1907
|
| 610 |
1 |
|
|a фельетоны
|
| 675 |
|
|
|a Р1
|z rus
|v 3
|
| 700 |
|
1 |
|a Андреев
|b Л. Н.
|c русский писатель
|f 1871-1919
|g Леонид Николаевич
|2 stltpush
|3 (RuTPU)RU\TPU\pers\1054
|9 473
|
| 702 |
|
1 |
|a Чуваков
|b В. Н.
|4 080
|
| 702 |
|
1 |
|a Сошинская
|b К.
|4 440
|
| 801 |
|
0 |
|a RU
|b RuMRKP
|c 19950704
|g psbo
|
| 801 |
|
1 |
|a RU
|b 63413507
|c 20070322
|g PSBO
|
| 801 |
|
2 |
|a RU
|b 63413507
|c 20070401
|g PSBO
|
| 942 |
|
|
|c BK
|